Fractal growth phenomena

Saved in:
Bibliographic Details
Main Author: Vicsek, Tamás
Format: Book
Language:Vietnamese
Published: World Scientific 1989
Tags: Add Tag
No Tags, Be the first to tag this record!
Institutions: Mạng thư viện Đại học Đà Nẵng
LEADER 00607nam a2200253 4500
001 000021600
003 18048
005 20150422100444.0
008 150422s1989 viesd
020 |c 00 
041 0 |a vie 
082 1 4 |a 530,41  |b VI-T 
100 1 |a Vicsek, Tamás 
245 1 0 |a Fractal growth phenomena  |c Tamás Vicsek 
260 |b World Scientific  |c 1989 
300 |a tr.  |c cm. 
OWN |a LSP 
999 |a From the UDN01 
TYP |a Monograph 
TYP |a Printed language 
980 |a Mạng thư viện Đại học Đà Nẵng